| 000 | 00638nam a2200181 a 4500 | ||
|---|---|---|---|
| 005 | 20220523133554.0 | ||
| 008 | 991125s1951 mx 000 0 spa u | ||
| 035 | _aUPN01000000255 | ||
| 049 | _aLT | ||
| 050 | 4 |
_aLB1642 M6.1 _bG6.2 |
|
| 100 | 1 |
_aGonzález Blackaller, Ciro E. _928542 |
|
| 245 | 1 | 0 |
_aAcademias de historia de México : _bprimer curso de la segunda enseñanza / _cC. E. González Blackaller y Luis Guevara Ramírez. |
| 260 |
_aMéxico : _bElySan, _c1951. |
||
| 300 |
_a152 p. : _bil. |
||
| 651 | 4 |
_aMéxico _xHistoria _xEstudio y enseñanza (Secundaria) _99913 |
|
| 700 | 1 |
_aGuevara Ramírez, Luis _ecoaut. _928757 |
|
| 905 | _aLibro | ||
| 999 |
_c255 _d255 |
||